000 00806nam a2200181 a 4500
001 000828260
003 AM-YeHGA
005 20250617144659.0
008 110826s1973 ||| r 000 0 rus d
040 _aAM-YeHGA
041 0 _arus
110 1 _aВерховный Совет Армянской ССР
_n(4 сессия. 8 созыв
_d1972 г.;
_cЕреван)
245 1 0 _aЗаседания Верховного Совета Армянской СССР, восьмого созыва :
_bЧетвертая сессия (28-29 декабря 1972 г.) : Стенографический отчет.
260 _aЕреван :
_bИзд. Верховного Совета Арм. ССР,
_c1973.
300 _a156 с.
653 0 _aЗаконодательные собрания
090 _c300565
999 _c298871
_d298871